Feminisms: (Record no. 38906)
[ view plain ]
| 000 -LEADER | |
|---|---|
| fixed length control field | 00760nam a22001817a 4500 |
| 020 ## - INTERNATIONAL STANDARD BOOK NUMBER | |
| ISBN | 9781138695689 |
| 082 ## - DEWEY DECIMAL CLASSIFICATION NUMBER | |
| Classification number | 305.42 |
| Item number | FEM- |
| 245 ## - TITLE STATEMENT | |
| Title | Feminisms: |
| Sub Title | A Reader/ |
| Statement of responsibility, etc | edited by Maggie Humm |
| 260 ## - PUBLICATION, DISTRIBUTION, ETC. (IMPRINT) | |
| Place of publication | New york: |
| Name of publisher | Routledge, |
| Year of publication | 2024 |
| 300 ## - PHYSICAL DESCRIPTION | |
| Number of Pages | 420p. |
| Other physical details | Index, Reference |
| 520 ## - SUMMARY, ETC. | |
| Summary, etc | This major textbook for women's studies provides an excellent and wide-ranging introduction to feminist ideas and perspectives on issues such as the family, sexuality, work, education, patriarchy, race, language, culture and representation. It brings together over seventy key excerpts. |
| 546 ## - LANGUAGE NOTE | |
| Language note | English |
| 650 ## - SUBJECT ADDED ENTRY--TOPICAL TERM | |
| Topical Term | Feminist theory |
| 650 ## - SUBJECT ADDED ENTRY--TOPICAL TERM | |
| Topical Term | Feminism |
| Geographic subdivision | United states |
| 650 ## - SUBJECT ADDED ENTRY--TOPICAL TERM | |
| Topical Term | Feminism |
| Geographic subdivision | Great britain |
| 700 ## - ADDED ENTRY--PERSONAL NAME | |
| Personal name | Humm, Maggie |
| Relator term | editor. |
| 942 ## - ADDED ENTRY ELEMENTS (KOHA) | |
| Source of classification or shelving scheme | Dewey Decimal Classification |
| Koha item type | Books |
| Withdrawn status | Lost status | Damaged status | Not for loan | Home library | Current library | Date acquired | Source of acquisition | Cost, normal purchase price | Full call number | Accession Number | Cost, replacement price | Price effective from | Koha item type |
|---|---|---|---|---|---|---|---|---|---|---|---|---|---|
| NASSDOC Library | NASSDOC Library | 19/03/2024 | Rajasthani Granthagar | 1263.50 | 305.42 FEM- | 54056 | 1750.00 | 22/04/2024 | Books |
